| 000 | 01461nam a2200349Ia 4500 | ||
|---|---|---|---|
| 001 | ebr10363633 | ||
| 003 | CaPaEBR | ||
| 006 | m u | ||
| 007 | cr cn||||||||| | ||
| 008 | 090925s2009 ne a sb 101 0 eng d | ||
| 010 | _z 2009934713 | ||
| 020 | _z1607500523 | ||
| 020 | _z9781607500520 | ||
| 040 |
_aCaPaEBR _cCaPaEBR |
||
| 035 | _a(OCoLC)491263815 | ||
| 050 | 1 | 4 |
_aHF5548.34 _b.T36 2009eb |
| 111 | 2 |
_aTAMoCo 2009 _d(2009) |
|
| 245 | 1 | 0 |
_aTechniques and Applications for Mobile Commerce _h[electronic resource] : _bProceedings of TAMoCo 2009 / _cedited by Juan Enrique Agudo... [et al.]. |
| 246 | 3 | _aTAMoCo 2009 | |
| 260 |
_aAmsterdam ; _aWashington, D.C. : _bIOS Press, _cc2009. |
||
| 300 |
_aviii, 169 p. : _bill. |
||
| 490 | 1 |
_aFrontiers in artificial intelligence and applications ; _vv. 201 |
|
| 504 | _aIncludes bibliographical references and index. | ||
| 533 |
_aElectronic reproduction. _bPalo Alto, Calif. : _cebrary, _d2011. _nAvailable via World Wide Web. _nAccess may be limited to ebrary affiliated libraries. |
||
| 650 | 0 |
_aMobile commerce _vCongresses. |
|
| 650 | 0 |
_aElectronic commerce _vCongresses. |
|
| 655 | 7 |
_aElectronic books. _2local |
|
| 700 | 1 | _aAgudo, Juan Enrique. | |
| 710 | 2 | _aebrary, Inc. | |
| 830 | 0 |
_aFrontiers in artificial intelligence and applications ; _vv. 201. |
|
| 856 | 4 | 0 |
_uhttp://site.ebrary.com/lib/rucke/Doc?id=10363633 _zAn electronic book accessible through the World Wide Web; click to view |
| 999 |
_c111778 _d111778 |
||